000
00456nam a2200169Ia 4500
008
090124s9999 xx 000 0 und d
082
_b
24670
100
_a
केळकर वा बा.
245
_a
त्राटिका
250
_a
0
300
_a
114
600
_a
केळकर वा बा.
630
_a
त्राटिका
700
_a
केळकर वा बा.
730
_a
त्राटिका
942
_c
BOOK
999
_c
93172
_d
93172